Tough Choices: Religion Edition Quiz Stats

 Plays Quiz Updated Oct 5, 2016

Challenge
Share
Tweet
Embed
Score 0/20 Timer 07:00
20 Plays Today
Column A (Type A if Higher) A or B? % Correct
Moses' Commandments???
83.5%
Days of fasting for Yom Kippur???
82.3%
Number of days in which God created the Earth???
81.2%
Number of years the Israelites walked through the desert after escaping Egypt???
79.5%
Books of the New Testament???
74.8%
Sides of a dreidel???
71.4%
Popes named ''Pius''???
68.7%
Days of rain experienced by Noah's Ark???
65.2%
Ribs used to create Adam???
64.7%
Sons of Jacob, named in the Bible???
63.5%
Column A (Type A if Higher) A or B? % Correct
Age of a boy at his bar mitzvah???
61.9%
People present at the Last Supper???
59.3%
Years King David ruled Jerusalem???
58.4%
Shinto shrines of Japan???
58%
Main schools of Zen Buddhism???
56.3%
Times ''God'' appears in the Bible (King James version)???
55.2%
Countries with a Christian majority
(50% or more of population)
???
53.9%
Greek gods/goddesses that ruled from Mount Olympus???
51.8%
Goals of human existence in Purushartha (Hinduism)???
43.6%
Gods worshipped in Buddhism???
37.7%

You're not logged in!

Compare scores with friends on all Sporcle quizzes.
OR
Log In

You Might Also Like...

Show Comments

Extras

Top Quizzes Today


Score Distribution

Your Account Isn't Verified!

In order to create a playlist on Sporcle, you need to verify the email address you used during registration. Go to your Sporcle Settings to finish the process.

Report this User

Report this user for behavior that violates our Community Guidelines.

Details: